Normal view MARC view
  • México

Entry Nombre Geográfico

Number of records used in: 21

001 - NÚMERO DE CONTROL

  • campo de control: 3315

003 - IDENTIFICADOR DE NUMERO DE CONTROL

  • campo de control: UPN

005 - FECHA Y HORA DE LA ÜLTIMA TRANSACCIÓN

  • campo de control: 20221111155839.0

008 - DATOS DE LONGITUD FIJA

  • campo de control de longitud fija: 221111nn fnannbaba n ana |d

035 ## - NÚMERO DE CONTROL

  • Número de control: UPN10000003315

040 ## - FUENTE DE CATALOGACIÓN

  • Lenguaje de catalogación: spa
  • Agencia de transcripción: MX-MxUPN
  • Agencia de catalogación original: MX-MxUPN

151 ## - ENCABEZAMIENTO - NOMBRE GEOGRÁFICO

  • Nombre geográfico: México
  • Subdivisión general : Condiciones económicas
  • Subdivisión cronológica : Siglo XX

670 ## - FUENTE EN LA QUE SE LOCALIZARON DATOS

  • Cita de la fuente: LC
  • Información localizada: Mexico - Economic conditions - 20th century

902 ## - CATALOGADOR

  • Catalogador: MEEG/280306